Memoires pour servir a l'Histoire de la societé (Record no. 79336)

MARC details
000 -LEADER
campo de control de longitud fija 00493nam a2200157 i 4500
001 - NÚMERO DE CONTROL
campo de control 79336
003 - IDENTIFICADOR DE NÚMERO DE CONTROL
campo de control ES-MaACL
005 - FECHA Y HORA DE LA ÚLTIMA TRANSACCIÓN
campo de control 20230906173945.0
007 - CAMPO FIJO DE DESCRIPCIÓN FÍSICA--INFORMACIÓN GENERAL
campo de control de longitud fija t|
008 - DATOS DE LONGITUD FIJA--INFORMACIÓN GENERAL
campo de control de longitud fija 041021s1921 fr ||||1| fre d
100 1# - ENTRADA PRINCIPAL--NOMBRE DE PERSONA
Nombre de persona Hermant, Abel.
9 (RLIN) 62743
245 10 - MENCIÓN DEL TÍTULO
Título Memoires pour servir a l'Histoire de la societé
Resto del título : d'ime guerre a l'autre guerre : le crespuscule tragique /
Mención de responsabilidad, etc. Abel Hermant.
260 ## - PUBLICACIÓN, DISTRIBUCIÓN, ETC.
Lugar de publicación, distribución, etc. Paris :
Nombre del editor, distribuidor, etc. [s.n.,
Fecha de publicación, distribución, etc. 1921] (
Fabricante Lemerre)
300 ## - DESCRIPCIÓN FÍSICA
Extensión 374 p. ;
Dimensiones 19 cm.
852 ## - LOCALIZACIÓN
Ubicación ES-MaACL
Número de control de estantería F-12149
Holdings
Estatus retirado Estado de pérdida Estado de daño No para préstamo Biblioteca de origen Biblioteca actual Ubicación en estantería Fecha de adquisición Fuente de adquisición Total de préstamos Signatura topográfica completa Código de barras Visto por última vez Precio de reemplazo Tipo de ítem Koha
        Biblioteca del Ateneo de Madrid Biblioteca del Ateneo de Madrid Sala Pecera Planta 2 17/01/2008     F-12149 1082963 23/02/2023 23/02/2023 Libro impreso